000 00744nam a2200193 i 4500
001 55600
003 ES-MaACL
005 20240126171518.0
007 t|
008 030923s1912 fr ||||1| fre d
100 1 _aDescharmes, René.
_943851
245 1 0 _aAutour de Flaubert
_b: études históriques et documentaires, suivies d'une biographie chronologique d'un essai bibliographique des ouvrages et articles relatifs à Flaubert et d'un index des noms cités /
_c[par] René Descharmes et René Dumesnil.
260 _aParis :
_bMercure de France,
_c1912.
300 _a2 v. ;
_c19 cm.
600 1 4 _aFlaubert, Gustave,
_d1821-1880
_951134
700 1 _aDumesnil, René.
_945998
852 _aES-MaACL
_jD-1028-29
999 _c55600
_d55600